<?xml version="1.0" encoding="UTF-8"?>
<collection xmlns="http://www.loc.gov/MARC21/slim">
<record>
  <controlfield tag="001">150718</controlfield>
  <controlfield tag="005">20251017144642.0</controlfield>
  <datafield tag="024" ind1="7" ind2=" ">
    <subfield code="2">doi</subfield>
    <subfield code="a">10.47197/retos.v65.111228</subfield>
  </datafield>
  <datafield tag="024" ind1="8" ind2=" ">
    <subfield code="2">sideral</subfield>
    <subfield code="a">142875</subfield>
  </datafield>
  <datafield tag="037" ind1=" " ind2=" ">
    <subfield code="a">ART-2025-142875</subfield>
  </datafield>
  <datafield tag="041" ind1=" " ind2=" ">
    <subfield code="a">spa</subfield>
  </datafield>
  <datafield tag="100" ind1=" " ind2=" ">
    <subfield code="a">Marcen, Celia</subfield>
    <subfield code="u">Universidad de Zaragoza</subfield>
    <subfield code="0">(orcid)0000-0001-5485-881X</subfield>
  </datafield>
  <datafield tag="245" ind1=" " ind2=" ">
    <subfield code="a">Participación deportiva, capacidad espacial motriz y autoeficacia percibida en jóvenes con altas capacidades intelectuales</subfield>
  </datafield>
  <datafield tag="260" ind1=" " ind2=" ">
    <subfield code="c">2025</subfield>
  </datafield>
  <datafield tag="506" ind1="0" ind2=" ">
    <subfield code="a">Access copy available to the general public</subfield>
    <subfield code="f">Unrestricted</subfield>
  </datafield>
  <datafield tag="520" ind1="3" ind2=" ">
    <subfield code="a">Introducción: el estudio de la participación deportiva entre la población de altas capacidades intelectuales se ha desarrollado muy tardíamente, debido en parte a una tradicional concepción cartesiana del ser humano.
Objetivo: este estudio pretende aportar conocimiento a esta temática, analizando los hábitos deportivos de una población joven con altas capacidades intelectuales en relación con la inteligencia verbal y no verbal.
Metodología: en el mismo participaron 128 jóvenes de entre 14 y 25 años identificados con altas capacidades intelectuales, quienes respondieron a un cuestionario que incorporaba datos sociodemográficos y de hábitos deportivos, así como la evaluación de la inteligencia mediante un test breve, y dos escalas para medir el disfrute en la práctica de actividades físicas y la autoeficacia motriz.
Resultados: entre los resultados destaca que los jóvenes de altas capacidades, deportivamente, siguen tendencias similares a las de su grupo de edad. No se encontraron correlaciones significativas entre las variables relacionadas con la inteligencia y la capacidad espacial motriz tal como se planteaba en la hipótesis. Sin embargo, sí se encontraron relaciones significativas entre disfrute con la práctica y autoeficacia motriz, así como en el modelo centrado en el factor verbal y en la capacidad espacial motriz; es decir que, a mayor nivel de razonamiento verbal, mayor capacidad espacial motriz.
Conclusiones: este estudio puede contribuir a una mejor incorporación de la población de altas capacidades a las actividades físico-deportivas, promoviendo de esta forma su desarrollo integral.</subfield>
  </datafield>
  <datafield tag="540" ind1=" " ind2=" ">
    <subfield code="9">info:eu-repo/semantics/openAccess</subfield>
    <subfield code="a">by-nc-nd</subfield>
    <subfield code="u">https://creativecommons.org/licenses/by-nc-nd/4.0/deed.es</subfield>
  </datafield>
  <datafield tag="655" ind1=" " ind2="4">
    <subfield code="a">info:eu-repo/semantics/article</subfield>
    <subfield code="v">info:eu-repo/semantics/publishedVersion</subfield>
  </datafield>
  <datafield tag="700" ind1=" " ind2=" ">
    <subfield code="a">López Centeno, Francisco David</subfield>
  </datafield>
  <datafield tag="700" ind1=" " ind2=" ">
    <subfield code="a">Lara Sánchez, Amador J.</subfield>
  </datafield>
  <datafield tag="700" ind1=" " ind2=" ">
    <subfield code="a">Quílez Robres, Alberto</subfield>
    <subfield code="u">Universidad de Zaragoza</subfield>
    <subfield code="0">(orcid)0000-0001-8473-8114</subfield>
  </datafield>
  <datafield tag="710" ind1="2" ind2=" ">
    <subfield code="1">4009</subfield>
    <subfield code="2">775</subfield>
    <subfield code="a">Universidad de Zaragoza</subfield>
    <subfield code="b">Dpto. Psicología y Sociología</subfield>
    <subfield code="c">Área Sociología</subfield>
  </datafield>
  <datafield tag="710" ind1="2" ind2=" ">
    <subfield code="1">4001</subfield>
    <subfield code="2">625</subfield>
    <subfield code="a">Universidad de Zaragoza</subfield>
    <subfield code="b">Dpto. Ciencias de la Educación</subfield>
    <subfield code="c">Área Métod.Invest.Diag.Educac.</subfield>
  </datafield>
  <datafield tag="773" ind1=" " ind2=" ">
    <subfield code="g">65 (2025), 100-113</subfield>
    <subfield code="p">Retos (Madr.)</subfield>
    <subfield code="t">Retos</subfield>
    <subfield code="x">1579-1726</subfield>
  </datafield>
  <datafield tag="856" ind1="4" ind2=" ">
    <subfield code="s">531780</subfield>
    <subfield code="u">http://zaguan.unizar.es/record/150718/files/texto_completo.pdf</subfield>
    <subfield code="y">Versión publicada</subfield>
  </datafield>
  <datafield tag="856" ind1="4" ind2=" ">
    <subfield code="s">2455559</subfield>
    <subfield code="u">http://zaguan.unizar.es/record/150718/files/texto_completo.jpg?subformat=icon</subfield>
    <subfield code="x">icon</subfield>
    <subfield code="y">Versión publicada</subfield>
  </datafield>
  <datafield tag="909" ind1="C" ind2="O">
    <subfield code="o">oai:zaguan.unizar.es:150718</subfield>
    <subfield code="p">articulos</subfield>
    <subfield code="p">driver</subfield>
  </datafield>
  <datafield tag="951" ind1=" " ind2=" ">
    <subfield code="a">2025-10-17-14:32:29</subfield>
  </datafield>
  <datafield tag="980" ind1=" " ind2=" ">
    <subfield code="a">ARTICLE</subfield>
  </datafield>
</record>
</collection>